| 000 | 00944nam a2200265 i 4500 | ||
|---|---|---|---|
| 001 | 107992 | ||
| 003 | ES-MaACL | ||
| 005 | 20251009173251.0 | ||
| 007 | t| | ||
| 008 | 070108s1969 sp ||||1| spa d | ||
| 080 | _a875-21"-04" | ||
| 100 | 0 |
_aSófocles. _9107023 |
|
| 245 | 1 | 0 |
_aAyax; Antígona; Edipo rey / _cSófocles; edición y notas de Carlos Miralles Sola; prólogo de José María Pemán; introducción de José Alsina Clota. |
| 260 |
_aEstella (Navarra) : _bSalvat, _c1969. |
||
| 300 |
_a178 p., 1 h. ; _c19 cm. |
||
| 490 | 1 |
_aBiblioteca básica Salvat de Libros RTV ; _v35 |
|
| 700 | 1 |
_aPemán, José María, _d1897-1981 _990130 |
|
| 700 | 1 |
_aMiralles, Carles, _d1944-2015 _9172273 |
|
| 700 | 1 |
_aAlsina Clota, José. _920486 |
|
| 740 | 0 | _aAntígona. | |
| 740 | 0 | _aEdipo rey. | |
| 830 | 0 | 0 |
_aBiblioteca básica Salvat de libros RTV _v35 _9185398 |
| 852 |
_aES-MaACL _jE-2956 _bR.69765 |
||
| 999 |
_c107992 _d107992 |
||